Potęgi kwadratowe do 30 - Statystyki

Ogólne statystyki
  • Ten quiz został rozwiązany 489 razy
  • Średni wynik to 14 z 20
Statystyki odpowiedzi
Hint Odpowiedź % Poprawnych
11² 121
98%
12² 144
98%
13² 169
97%
15² 225
96%
14² 196
94%
20² 400
94%
16² 256
86%
17² 289
80%
18² 324
76%
19² 361
72%
21² 441
72%
22² 484
67%
25² 625
64%
30² 900
62%
23² 529
52%
24² 576
49%
27² 729
47%
26² 676
46%
29² 841
36%
28² 784
33%
Nie znaleziono quizów pasujących do podanych kryteriów
Rozkład punktacji
Procent ludzi z każdym wynikiem
Percentyl według liczby udzielonych odpowiedzi
Twoja historia wyników
Nie rozwiązałeś tego quizu